LEADER 00930nam0-22003011i-450- 001 990005692980403321 005 20050930093512.0 010 $a0-631-19310-3 035 $a000569298 035 $aFED01000569298 035 $a(Aleph)000569298FED01 035 $a000569298 100 $a19990604d1978----km-y0itay50------ba 101 0 $aeng 105 $ay-------001yy 200 1 $a<>Origins of English Individualism$ethe family property and social transition$fAlan Macfarlane 210 $aOxford$cBasil Balckwell$dc1978 215 $aXV, 216 p.$d24 cm 610 0 $aInghilterra - Condizioni economiche e sociali - Storia 676 $a330.942$v21$zita 700 1$aMacfarlane,$bAlan$0142722 801 0$aIT$bUNINA$gRICA$2UNIMARC 901 $aBK 912 $a990005692980403321 952 $a330.942 MAC 1$bBIBL. 59763$fFLFBC 959 $aFLFBC 996 $aOrigins of English individualism$9508852 997 $aUNINA LEADER 04636nam 22007575 450 001 996213647903316 005 20200703160346.0 010 $a3-319-12418-8 024 7 $a10.1007/978-3-319-12418-6 035 $a(CKB)3710000000269700 035 $a(SSID)ssj0001372518 035 $a(PQKBManifestationID)11802178 035 $a(PQKBTitleCode)TC0001372518 035 $a(PQKBWorkID)11304603 035 $a(PQKB)11267426 035 $a(DE-He213)978-3-319-12418-6 035 $a(MiAaPQ)EBC5586729 035 $a(Au-PeEL)EBL5586729 035 $a(OCoLC)894612228 035 $a(PPN)182097870 035 $a(EXLCZ)993710000000269700 100 $a20141023d2014 u| 0 101 0 $aeng 135 $aurnn#008mamaa 181 $ctxt 182 $cc 183 $acr 200 10$aAdvances in Bioinformatics and Computational Biology$b[electronic resource] $e9th Brazilian Symposium on Bioinformatics, BSB 2014, Belo Horizonte, Brazil, October 28-30, 2014, Proceedings /$fedited by Sérgio Campos 205 $a1st ed. 2014. 210 1$aCham :$cSpringer International Publishing :$cImprint: Springer,$d2014. 215 $a1 online resource (X, 156 p. 41 illus.) 225 1 $aLecture Notes in Bioinformatics ;$v8826 300 $aBibliographic Level Mode of Issuance: Monograph 311 $a3-319-12417-X 327 $aAn Extensible Framework for Genomic and Metagenomic Analysis -- On the Multichromosomal Hultman Number -- Towards an Ensemble Learning Strategy for Metagenomic Gene Prediction -- FUNN-MG: A Metagenomic Systems Biology Computational Framework -- FluxMED: An Adaptable and Extensible Electronic Health Record System -- Influence of Sequence Length in Promoter Prediction Performance -- Evolution of Genes Neighborhood within Reconciled Phylogenies: An Ensemble Approach -- Dynamic Programming for Set Data Types -- Using Binary Decision Diagrams (BDDs) for Memory Optimization in Basic Local Alignment Search Tool (BLAST) -- A Multi-Objective Evolutionary Algorithm for Improving Multiple Sequence Alignments -- BION2SEL: An Ontology-Based Approach for the Selection of Molecular Biology Databases -- Structural Comparative Analysis of Secreted NTPDase Models of Schistosoma mansoni and Homo sapiens -- Length and Symmetry on the Sorting by Weighted Inversions Problem -- Storage Policy for Genomic Data in Hybrid Federated Clouds -- Genome-Wide Identification of Non-coding RNAs in Komagataella pastoris str. GS115 -- Multi-scale Simulation of T Helper Lymphocyte Differentiation -- Scaffolding of Ancient Contigs and Ancestral Reconstruction in a Phylogenetic Framework -- Quality Metrics for Benchmarking Sequences Comparison Tools. 330 $aThis book constitutes the refereed proceedings of the 9th Brazilian Symposium on Bioinformatics, BSB 2014, held in Belo Horizonte, Brazil, in October 2014. The 18 revised full papers presented were carefully reviewed and selected from 32 submissions. The papers cover all aspects of bioinformatics and computational biology. 410 0$aLecture Notes in Bioinformatics ;$v8826 606 $aBioinformatics 606 $aAlgorithms 606 $aData mining 606 $aPattern recognition 606 $aApplication software 606 $aComputational Biology/Bioinformatics$3https://scigraph.springernature.com/ontologies/product-market-codes/I23050 606 $aAlgorithm Analysis and Problem Complexity$3https://scigraph.springernature.com/ontologies/product-market-codes/I16021 606 $aData Mining and Knowledge Discovery$3https://scigraph.springernature.com/ontologies/product-market-codes/I18030 606 $aPattern Recognition$3https://scigraph.springernature.com/ontologies/product-market-codes/I2203X 606 $aInformation Systems Applications (incl. Internet)$3https://scigraph.springernature.com/ontologies/product-market-codes/I18040 615 0$aBioinformatics. 615 0$aAlgorithms. 615 0$aData mining. 615 0$aPattern recognition. 615 0$aApplication software. 615 14$aComputational Biology/Bioinformatics. 615 24$aAlgorithm Analysis and Problem Complexity. 615 24$aData Mining and Knowledge Discovery. 615 24$aPattern Recognition. 615 24$aInformation Systems Applications (incl. Internet). 676 $a570.285 702 $aCampos$b Sérgio$4edt$4http://id.loc.gov/vocabulary/relators/edt 801 0$bMiAaPQ 801 1$bMiAaPQ 801 2$bMiAaPQ 906 $aBOOK 912 $a996213647903316 996 $aAdvances in Bioinformatics and Computational Biology$9772028 997 $aUNISA